Из "Записки по българските въстания" (Запис номер 54668)
[ съкратено ]
| 000 -Лидер | |
|---|---|
| Лидер | 01541nam a2200361 a 4500 |
| 003 - Код на организацията, давaща контролен номер | |
| Код на организацията, даваща контролен номер | BLK |
| 005 - Дата и час на последна редакция | |
| Дата и час на последна редакция | 20230728005202.0 |
| 008 - Елементи от данни с фиксирана дължина | |
| Елементи с фиксирана дължина | 180408b bul|||||r ||||||| ||bul|| |
| 040 ## - Източник на каталожния запис | |
| Код на библиотеката | BLK |
| 041 ## - Код за език | |
| Език | Български |
| Език за КДБФ | Български |
| 080 ## - УДК | |
| УДК текст | Българска литература |
| УДК код | 821.163.2 |
| УДК – определител | -94 |
| УДК – код + определител | 821.163.2-94 |
| 080 ## - УДК | |
| УДК текст | Априлско въстание (1876). Четата на Хр. Ботев |
| УДК код | 94(497.2)"1876" |
| УДК – код + определител | 94(497.2)"1876" |
| 100 ## - Редна дума - Автор | |
| Автор | Стоянов, Захарий |
| Биография на автора | Стоянов, Захари |
| Години, свързани с автора | 1850-1889 |
| Пълна форма на името | Джедев, Джендо Стоянов |
| R(LIN) | 364101 |
| 245 10 - Сведения за заглавието | |
| Заглавие | Из "Записки по българските въстания" |
| Подзаглавни данни | Разказ на очевидци 1870 - 1876 |
| Авторска отговорност | Захарий Стоянов. |
| 250 ## - Област на изданието | |
| Поредност на изданието | Ново изд. |
| 257 ## - Страна на издаване | |
| Страна на създаване/издаване | България |
| 260 ## - Област на издателските данни | |
| Име на издателя | Бълг. писател |
| Година на издаване | 1988 |
| Печатница | Враца : печ. В. Александров |
| Място на издаване | София |
| 300 ## - Физическа характеристика | |
| Брой страници | 472 с. |
| Размер | 20 см |
| 380 ## - Жанр | |
| Жанр | Худож. лит. |
| 490 ## - СЕРИИ (Колекции) | |
| Серия | Библиотека за ученика |
| 9 (RLIN) | 201322 |
| 651 #4 - Допълнително описание по предмет - топоним | |
| Географско понятие | България |
| 9 (RLIN) | 241624 |
| 653 ## - Ключова дума – ненормативна | |
| Ключови думи | Априлско въстание |
| 653 ## - Ключова дума – ненормативна | |
| Ключови думи | националноосвободителни движения |
| 653 ## - Ключова дума – ненормативна | |
| Ключови думи | българска история |
| 852 ## - Местоположение | |
| Сигнатура (форматна) | Цб 153812 |
| 856 4# - Електронен адрес и достъп | |
| Електронен формат | pdf - файл |
| 856 4# - Електронен адрес и достъп | |
| Електронен формат | pdf - файл |
| 942 ## - АРТИКУЛИ | |
| Вид на библиотечния документ | Книги |
| Скрит в OPAC | Не |
| Koha issues (borrowed), all copies | 2 |
| 944 ## - СЪЗДАВАНЕ И РЕДАКЦИЯ на ЗАПИСА | |
| Създаване/Редакция | Създаване |
| Дата на регистрацията/редакция | 02.03.2006 |
| Номер на служител | CRON CRON |
| Служител, извършил регистрацията/редакцията | |
| 944 ## - СЪЗДАВАНЕ И РЕДАКЦИЯ на ЗАПИСА | |
| Създаване/Редакция | Редакция |
| Дата на регистрацията/редакция | 18.09.2015 |
| Служител, извършил регистрацията/редакцията | Теодора_Стоянова |
| 999 ## - СИСТЕМНИ КОНТРОЛНИ НОМЕРА | |
| Koha biblionumber | 54668 |
| Koha biblioitemnumber | 54668 |
| 999 ## - СИСТЕМНИ КОНТРОЛНИ НОМЕРА | |
| Koha biblioitemnumber | 54668 |
| Код за отписване | Код за изгубен артикул | Код за повреда | Коз за рестрикции | Код за отдаване | Артикулен № | Име на библиотеката - собственик | Име на библиотеката, в която се намира в момента | Статус (Текущо местоположение) | Дата на вписване в системата | Местоположение - отдел | Цена в лева | Инвентарен номер | Систематично азбучна сигнатура | Баркод | Номер на екземпляра | Цена в евро | Служебна бележка | Служебен тип на артикула | Източник на класификационната схема |
|---|---|---|---|---|---|---|---|---|---|---|---|---|---|---|---|---|---|---|---|
| Изтеглен | Не е изгубен | Не е повреден | без рестрикции | заемане за дома | 86020 | Регионална библиотека "Любен Каравелов" Русе | Регионална библиотека "Любен Каравелов" Русе | Заемна - подръчен фонд | 2006-03-02 | Заемна - подръчен фонд | 1.21 | 120000700505 | П 886.7-9/С 83 | 120000700505 | 1 | 0.62 | Дост: Ak Вид: Г N: 6 Дата: 01.03.2006 Дата инв: 12.02.2018 Бележки инв: П2018 | Книги | |
| Не е изгубен | Не е повреден | без рестрикции | ползва се в читалня | 86021 | Регионална библиотека "Любен Каравелов" Русе | Регионална библиотека "Любен Каравелов" Русе | Хранилище | 1988-01-01 | Хранилище | 1.21 | 503384 | Цб 153812 | 120000503384 | 2 | 0.62 | Дост: Dp Вид: Д N: стар фонд Дата: 01.01.1988 | Книги | Universal Decimal Classification | |
| Изтеглен | Не е изгубен | Не е повреден | без рестрикции | заемане за дома | 86022 | Регионална библиотека "Любен Каравелов" Русе | Регионална библиотека "Любен Каравелов" Русе | Заемна - подръчен фонд | 1988-01-01 | Заемна - подръчен фонд | 1.21 | 505201 | П 886.7-9/З 83 | 505201 | 3 | 0.62 | Дост: Pk Вид: Ф N: стар фонд Дата: 01.01.1988 | Книги | Universal Decimal Classification |
| Изтеглен | Не е изгубен | Не е повреден | без рестрикции | заемане за дома | 86023 | Регионална библиотека "Любен Каравелов" Русе | Регионална библиотека "Любен Каравелов" Русе | Заемна - подръчен фонд | 1988-01-01 | Заемна - подръчен фонд | 1.21 | 505203 | П 886.7-9/З 83 | 505203 | 4 | 0.62 | Дост: Pk Вид: Ф N: стар фонд Дата: 01.01.1988 Дата инв: 12.02.2018 Бележки инв: П2018 | Книги |